000 00711nam a22002175a 4500
005 20090829111313.0
008 090121s2009 ii 010 0 eng d
010 _aENG-94968
020 _c55.00
035 _aEN-78501
037 _aDBAD / PUB
040 _adpl
_bEnglish
082 _a881
100 _aMahakul, Pintu
245 _aThe mother /
_cby Pintu Mahakul
260 _aOrissa
_bPrabhat Publication
_c2008
270 _aOld Bus-stand Berhampur
_bOrissa
_e760001
300 _a46p.:
_c22cm(pbk)
_bill.
942 _2ddc
_cEN
_mMAH
_h881
999 _c29775
_d29775